000 00347 a2200157 4500
001 14443
020 _a9788582052662
040 _cAnchieta - Aquarius
100 _aUmberto, Mancebo
240 1 0 _aA lagarta caolha
_lpor
245 1 0 _aA lagarta caolha
300 _a20p.
362 0 _a2014
650 4 _aLiteratura infanto-juvenil
942 _cBK
999 _c14443
_d14443